Obrábění kovů teorie v praxi : teorie v praxi /

Enregistré dans:
Détails bibliographiques
Auteur principal: Stahl, Jan-Eric
Autres auteurs: De Vos, Patrick
Format: Livre
Langue:tchèque
Publié: Lund - Fagersta : SECO TOOLS AB, 2014
Édition:1. vyd.
Sujets:
Tags: Ajouter un tag
Pas de tags, Soyez le premier à ajouter un tag!

MARC

LEADER 00000nam a22000003a 4500
001 0004195
003 SK-STU
005 20150617230328.7
007 ta
008 150423s ----xo-----e------000-0-----d
040 |a STU  |b slo 
041 0 |a cze 
044 |a sw 
080 |a 621.9 
100 1 |a Stahl, Jan-Eric 
245 1 0 |a Obrábění kovů teorie v praxi :  |b teorie v praxi /  |c Jan-Eric Stahl, Patrick De Vos 
250 |a 1. vyd. 
260 |a Lund - Fagersta :  |b SECO TOOLS AB,  |c 2014 
300 |a 184 s. 
650 0 7 |a obrábanie kovov 
700 1 |a De Vos, Patrick 
996 |b 284M086388  |c M* 13788-1  |l MMST  |s A  |a 24  |w 0004195_0001 
996 |b 284M086389  |c M* 13788-2  |l MMST  |s A  |a 24  |w 0004195_0002 
996 |b 284M086390  |c M* 13788-3  |l MMST  |s A  |a 24  |w 0004195_0003